46 Protokolle 1946 bis 1950

Titel: 46 Protokolle 1946 bis 1950 : Flüchtlingsausschuß des Bayerischen Landtags / Martin Kornrumpf
Verfasser:
Veröffentlicht: Gräfelfing bei München : Kornrumpf, 1981
Umfang: 126 S.
Format: Buch
Sprache: Deutsch
Schriftenreihe/
mehrbändiges Werk:
Kleiner unter Großen ; 1
alle Bände anzeigen
Schlagworte:
Kein Bild verfügbar
X
Lokale Klassifikation: 31 3 H ; 18 3 H
alg: 3335335
001A    $00034:02-02-95 
001B    $00017:14-01-26 $t08:29:15.000 
001C    $06002:02-03-06 $t04:49:21.000 
001D    $09999:99-99-99 
001U    $0utf8 
001X    $00 
002@    $0AFuc 
003@    $0033353352 
003O    $074503572 $aOCoLC 
006G    $0820307521 
006U    $082,B07,0914 
007A    $0033353352 $aHEB 
009P    $qapplication/pdf $A2 $3Inhaltsverzeichnis $uhttp://scans.hebis.de/HEBCGI/show.pl?03335335_toc.pdf $mV:DE-605;X:Imageware 
010@    $ager 
011@    $a1981 
013H    $0z 
015@    $00 
021A    $a46 Protokolle 1946 bis 1950 $dFlüchtlingsausschuß des Bayerischen Landtags $hMartin Kornrumpf 
027A    $aSechsundvierzig Protokolle 1946 bis 1950 
028A    $RKornrumpf, Margarete $RKornrumpf, Margarete $RKornrumpf, Else $7119290510 $8Kornrumpf, Martin$Z1909-1997 [Tp1] $9087630362 
033A    $pGräfelfing bei München $nKornrumpf 
034D    $a126 S. 
036C    $aKleiner unter Großen $dLebenserinnerungen als zeitgeschichtliche Dokumentation $x11 $l1 
036D    $x11 $8Kleiner unter Großen : Lebenserinnerungen als zeitgeschichtliche Dokumentation $9003005410 
044F    $aFlüchtlingsausschuss  
044F    $bBayern 
044F    $aFlüchtlingshilfe 
044F    $aNachkriegszeit  
045E    $a64 
045F    $a306.0947 $eDDC23BSB 
045F/01 $a306.09 
045F/03 $g47 
045F/03 $g437 
045F/03 $g433 
046M    $aLiteraturverz. S. 123 - 126 

lok: 3335335 3

exp: 3335335 3 1 #EPN
201B/01 $017-04-11 $t02:49:59.000 
201U/01 $0utf8 
203@/01 $0616469543 
206W/01 $0UB1-s7170880 
208@/01 $a01-01-11 $brAa 
209A/01 $a82.135.34 $du $f000 $x00 
209B/01 $aStUB-Retro $x05 
209G/01 $a82135340 $x00 
209U/01 $qimage/gif $A2 $3Katalogkarte der UB Frankfurt $uhttp://resolver.hebis.de/retro/s7170880 $mV:DE-603;B:DE-30 
247C/01 $8601000-3 <30>Frankfurt, Universitätsbibliothek J. C. Senckenberg, Zentralbibliothek (ZB) $9102598258 

lok: 3335335 8

exp: 3335335 8 1 #EPN
201B/01 $014-01-26 $t08:29:15.000 
201U/01 $0utf8 
203@/01 $0064011429 
208@/01 $a14-01-26 $bz 
209A/01 $a87/1237 $du $f000 $x00 
209G/01 $a17252224 $x00 
247C/01 $8611000-9 <17>Darmstadt, TU Darmstadt, Universitäts- und Landesbibliothek - Stadtmitte $9102595879 

lok: 3335335 23
101B    $002-08-95 $t09:17:11.972 
107F    $005603802X 
101U    $0utf8 

exp: 3335335 23 1 #EPN
201B/01 $024-01-02 $t17:14:45.954 
203@/01 $0056038038 
208@/01 $a02-02-95 $bh 
209A/01 $a25 Ges DC 2070 $du $f024 $hGES DC 2070 $x00 
209C/01 $a266302 $h266302 
209G/01 $a11455018 $x00 
247C/01 $8352024-9 <34/24>Kassel, UB Kassel, Standort Holländischer Platz $9102599459 
201U/01 $0utf8 

lok: 3335335 24
101B    $004-12-02 $t10:41:13.162 
101C    $021-03-01 
145Z/01 $a31 3 H 
145Z/02 $a18 3 H 
101U    $0utf8 

exp: 3335335 24 1 #EPN
201B/01 $012-12-02 $t11:50:51.765 
201C/01 $021-03-01 
203@/01 $0152462317 
208@/01 $a21-03-01 $bz 
209A/01 $a01.0492 $du $f050 $h01 0492 $x00 
209C/01 $a01.0492 T $h01 0492 T 
209G/01 $a70323427 $x00 
247C/01 $8358050-7 Marburg, Bibliothek des Herder-Instituts Marburg $9102600961 
201U/01 $0utf8 

lok: 3335335 204

exp: 3335335 204 1 #EPN
201B/01 $011-07-16 $t12:12:35.000 
201C/01 $011-07-16 
201U/01 $0utf8 
203@/01 $0777781077 
208@/01 $a11-07-16 $brUB 
209A/01 $a20.636.68 $du $f000 $h20 636 68 $x00 
209G/01 $a20636688 $x00 
247C/01 $8631000-x <26>Gießen, Universität Gießen, Universitätsbibliothek Gießen $9102596697 

lok: 3335335 205

exp: 3335335 205 1 #EPN
201B/01 $008-03-06 $t23:44:54.000 
201C/01 $001-12-99 
203@/01 $0139300767 
208@/01 $a01-12-99 $br 
209A/01 $aWp 81/600 $du $f000 $x00 
209B/01 $a98 $x05 
209G/01 $a22649400 $x00 
247C/01 $8351000-1 <4>Marburg, Universität Marburg, Universitätsbibliothek $9102594767 
201U/01 $0utf8 

exp: 3335335 205 2 #EPN
201B/02 $011-01-08 $t14:13:39.000 
201C/02 $001-12-99 
201U/02 $0utf8 
203@/02 $0139300783 
208@/02 $a01-12-99 $br 
209A/02 $aU 400 K 3 $db $f331 $x00 
209B/02 $a97 $x05 
209C/02 $a84500 
209G/02 $aMagazin $x01 
245Z/02 $aBW U 400 $x01 
247C/02 $8351331-2 <4/331>Marburg, Universität Marburg, Bibliothek Wirtschaftswissenschaften (BW) $9102595208
LEADER 00000cam a2200000 cb4500
001 033353352
003 DE-603
005 20260114082915.0
007 tu
008 950202s1981 xx |||| | u00||u|ger
015 |a 82,B07,0914  |2 dnb 
016 7 |2 DE-101  |a 820307521 
035 |a (DE-599)HEB033353352 
035 |a (OCoLC)74503572 
040 |a DE-603  |b ger  |c DE-603  |d DE-603 
041 |a ger 
082 0 4 |8 1\u  |a 306.0947  |q DE-101  |2 23/BSB 
084 |a 64  |q DE-101  |2 sdnb 
085 |8 1\u  |b 306.09 
085 |8 1\u  |z 2  |s 47 
085 |8 1\u  |z 2  |s 437 
085 |8 1\u  |z 2  |s 433 
100 1 |a Kornrumpf, Martin  |d 1909-1997  |0 (DE-603)087630362  |0 (DE-588)119290510  |2 gnd 
245 0 0 |a 46 Protokolle 1946 bis 1950  |b Flüchtlingsausschuß des Bayerischen Landtags  |c Martin Kornrumpf 
246 1 3 |a Sechsundvierzig Protokolle 1946 bis 1950 
264 1 |a Gräfelfing bei München  |b Kornrumpf  |c 1981 
300 |a 126 S. 
490 1 |a Kleiner unter Großen : Lebenserinnerungen als zeitgeschichtliche Dokumentation  |v 1 
504 |a Literaturverz. S. 123 - 126 
650 7 |a Flüchtlingsausschuss <Bayern>  |2 local 
650 7 |a Flüchtlingshilfe  |2 local 
650 7 |a Nachkriegszeit <Weltkrieg II>  |2 local 
651 7 |a Bayern  |2 local 
800 1 |a Kornrumpf, Martin  |d 1909-1997  |t Kleiner unter Großen  |v 1  |w (DE-603)003005410  |9 11  |7 am 
856 4 2 |m V:DE-605;X:Imageware  |q application/pdf  |u http://scans.hebis.de/HEBCGI/show.pl?03335335_toc.pdf  |3 Inhaltsverzeichnis 
924 0 |9 30  |a (DE-603)616469543  |b DE-30  |c HES  |d c  |g 82.135.34 
924 0 |9 17  |a (DE-603)064011429  |b DE-17  |c HES  |d c  |g 87/1237 
924 0 |9 34/24  |a (DE-603)056038038  |b DE-34-24  |c HES  |d c  |g 25 Ges DC 2070 
924 0 |9 Mb 50  |a (DE-603)152462317  |b DE-Mb50  |c HES  |d c  |g 01.0492 
924 0 |9 26  |a (DE-603)777781077  |b DE-26  |c HES  |d c  |g 20.636.68 
924 0 |9 4  |a (DE-603)139300767  |b DE-4  |c HES  |d c  |g Wp 81/600 
924 0 |9 4/331  |a (DE-603)139300783  |b DE-4-331  |c HES  |d c  |g U 400 K 3  |h Magazin